MARC

LEADER 00000nam0a2200000 4500
001 313734
005 20231102002616.0
035 |a (RuTPU)RU\TPU\book\339119 
090 |a 313734 
100 |a 20160202d1974 k y0rusy50 ca 
101 0 |a rus 
102 |a RU 
105 |a a z 001zy 
200 1 |a Полупроводники А²В⁴С⁵₂  |f А. С. Борщевский [и др.]  |g под ред. Н. А. Горюновой , Ю. А. Валова 
210 |a Москва  |c Советское радио  |d 1974 
215 |a 374 с.  |c ил. 
320 |a Библиогр.: с. 346-372 
606 1 |a Полупроводниковые соединения  |x Технология  |2 stltpush  |3 (RuTPU)RU\TPU\subj\50737  |9 69387 
610 1 |a тройные соединения 
610 1 |a образование 
610 1 |a условия 
610 1 |a химическая связь 
610 1 |a кристаллохимия 
610 1 |a структура 
610 1 |a формирование 
610 1 |a способы 
610 1 |a физико-химические свойства 
610 1 |a химическая устойчивость 
610 1 |a травление 
610 1 |a плавление 
610 1 |a зонная структура 
610 1 |a физические свойства 
675 |a 621.315.592.002  |v 4 
701 1 |a Борщевский  |b А. С. 
701 1 |a Вайполин  |b А. А. 
701 1 |a Валов  |b Ю. А. 
701 1 |a Горюнова  |b Н. А. 
701 1 |a Кесаманлы  |b Ф. П. 
701 1 |a Назаров  |b А. 
701 1 |a Прочухан  |b В. Д. 
701 1 |a Чалдышев  |b В. А. 
702 1 |a Горюнова  |b Н. А.  |g Нина Александровна  |4 340 
702 1 |a Валов  |b Ю. А.  |4 340 
801 1 |a RU  |b 63413507  |c 20160202 
801 2 |a RU  |b 63413507  |c 20171024  |g RCR 
942 |c BK